Growth regulator effects on rubber and reasin production in guayule callus and proliferating shoot cultures (Record no. 60167)

MARC details
000 -LEADER
fixed length control field 00474nam a2200157Ia 4500
100 ## - MAIN ENTRY--AUTHOR NAME
Personal name Staba E John
245 #0 - TITLE STATEMENT
Title Growth regulator effects on rubber and reasin production in guayule callus and proliferating shoot cultures
260 ## - PUBLICATION, DISTRIBUTION, ETC. (IMPRINT)
Name of publisher Journal of Natural Rubber Research
Year of publication 1988
300 ## - PHYSICAL DESCRIPTION
Number of Pages 127-135
650 ## - SUBJECT ADDED ENTRY--TOPICAL TERM
Topical Term Guayule
650 ## - SUBJECT ADDED ENTRY--TOPICAL TERM
Topical Term Resin production
650 ## - SUBJECT ADDED ENTRY--TOPICAL TERM
Topical Term Rubber
700 ## - ADDED ENTRY--PERSONAL NAME
Personal name Pagano Saharan A
942 ## - ADDED ENTRY ELEMENTS (KOHA)
Koha item type Journals
Holdings
Withdrawn status Lost status Damaged status Not for loan Home library Current library Date acquired Serial Enumeration / chronology Koha item type
      Journals RRII Library RRII Library 17/12/2021 Volume 3, Issue 2 Journals